| 000 | 00563nam a2200193 4500 | ||
|---|---|---|---|
| 001 | 118731 | ||
| 003 | ES-MaACL | ||
| 005 | 20251015063121.0 | ||
| 007 | t| | ||
| 008 | 070214s1971 sp r ||||1| spa d | ||
| 100 | 1 |
_aPiaget, Jean, _d1896-1980 _991738 |
|
| 245 | 1 | 3 |
_aEl criterio moral en el niño / _cJean Piaget ; traducido por Nuria Vidal. |
| 250 | _a1ª ed. | ||
| 260 |
_aBarcelona : _bFontanella, _c1971. |
||
| 300 |
_a357 p. ; _c18 cm. |
||
| 700 | 1 |
_aVidal, Nuria. _9114451 |
|
| 852 |
_aES-MaACL _jC-46620 _bR.80220 |
||
| 999 |
_c118731 _d118731 |
||